Chemical engineering kinetics (Record no. 6589)

000 -LEADER
fixed length control field 00510nam a2200193 4500
001 - CONTROL NUMBER
control field 6589
003 - CONTROL NUMBER IDENTIFIER
control field BD-DhUET
008 - FIXED-LENGTH DATA ELEMENTS--GENERAL INFORMATION
fixed length control field 700825s1970 nyua b 001 0 eng
040 ## - CATALOGING SOURCE
Transcribing agency 0
Modifying agency BD-DhUET
Original cataloging agency DLC
082 00 - DEWEY DECIMAL CLASSIFICATION NUMBER
Classification number 541.39
Item number SMI/1970
100 ## - MAIN ENTRY--PERSONAL NAME
Personal name Smith, J. M.
245 10 - TITLE STATEMENT
Title Chemical engineering kinetics
250 ## - EDITION STATEMENT
Edition statement 2nd ed.
260 ## - PUBLICATION, DISTRIBUTION, ETC. (IMPRINT)
Place of publication, distribution, etc. New York
Name of publisher, distributor, etc. McGraw-Hill
Date of publication, distribution, etc. 1970
300 ## - PHYSICAL DESCRIPTION
Extent xviii, 612p.
Other physical details ill.
490 0# - SERIES STATEMENT
Series statement McGraw-Hill chemical engineering series
650 #0 - SUBJECT ADDED ENTRY--TOPICAL TERM
Topical term or geographic name as entry element Kinetics : Physical chemistry
942 ## - ADDED ENTRY ELEMENTS (KOHA)
Koha item type General Book
Holdings
Date acquired Not for loan Koha normalized classification for sorting Lost status Piece designation (barcode) Location (home branch) Shelving location Price effective from Koha date last seen Copy number Source of classification or shelving scheme Koha item type Withdrawn status Damaged status Koha full call number Sublocation or collection (holding branch)
2014-12-04 541_390000000000000_SMI_1970 84576Central Library, BUETCirculation section2014-12-042014-12-041 General Book  541.39/SMI/1970Central Library, BUET
2014-12-12 541_390000000000000_SMI_1970 29865Central Library, BUETCirculation section2014-12-122014-12-122 General Book  541.39/SMI/1970Central Library, BUET
2014-12-12 541_390000000000000_SMI_1970 29867Central Library, BUETCirculation section2014-12-122014-12-123 General Book  541.39/SMI/1970Central Library, BUET
2014-12-12 541_390000000000000_SMI_1970 29863Central Library, BUETCirculation section2014-12-122014-12-124 General Book  541.39/SMI/1970Central Library, BUET
2015-03-11 541_390000000000000_SMI_1970 29871Central Library, BUETCirculation section2015-03-112015-03-115 General Book  541.39/SMI/1970Central Library, BUET
2015-03-14 541_390000000000000_SMI_1970 29868Central Library, BUETCirculation section2015-03-142015-03-146 General Book  541.39/SMI/1970Central Library, BUET
2015-03-14 541_390000000000000_SMI_1970 37045Central Library, BUETCirculation section2015-03-142015-03-147 General Book  541.39/SMI/1970Central Library, BUET
2015-04-23 541_390000000000000_SMI_1970 29869Central Library, BUETCirculation section2015-04-232015-04-238 General Book  541.39/SMI/1970Central Library, BUET
2015-04-23 541_390000000000000_SMI_1970 29859Central Library, BUETCirculation section2015-04-232015-04-239 General Book  541.39/SMI/1970Central Library, BUET
2015-04-26 541_390000000000000_SMI_1970 29870Central Library, BUETCirculation section2015-04-262015-04-2610 General Book  541.39/SMI/1970Central Library, BUET
2015-04-26 541_390000000000000_SMI_1970 29861Central Library, BUETCirculation section2015-04-262015-04-2611 General Book  541.39/SMI/1970Central Library, BUET
2015-04-27 541_390000000000000_SMI_1970 25967Central Library, BUETCirculation section2015-04-272015-04-2712 General Book  541.39/SMI/1970Central Library, BUET
2015-04-27 541_390000000000000_SMI_1970 29860Central Library, BUETCirculation section2015-04-272015-04-2713 General Book  541.39/SMI/1970Central Library, BUET
2015-06-08 541_390000000000000_SMI_1970 29862Central Library, BUETReading section2015-06-082015-06-0814 Reading Item  541.39/SMI/1970Central Library, BUET
2015-06-08 541_390000000000000_SMI_1970 29866Central Library, BUETReading section2015-06-082015-06-0815 Reading Item  541.39/SMI/1970Central Library, BUET
2015-06-08 541_390000000000000_SMI_1970 29872Central Library, BUETReading section2015-06-082015-06-0816 Reading Item  541.39/SMI/1970Central Library, BUET
2015-06-08 541_390000000000000_SMI_1970 29864Central Library, BUETReading section2015-06-082015-06-0817 Reading Item  541.39/SMI/1970Central Library, BUET